000 00853nam a22003017a 4500
005 20251103140457.0
008 170418b2013 xxu||||| |||| 00| 0 spa d
020 _a9789962056676
041 _aESP
082 _a363.25 S511a
100 _aSevilla, Royo, Tomás
_942051
245 _aActa de la reconstrucción de la escena del crimen
260 _aArgentina
260 _bSeguridad y Defensa
260 _c2013
300 _a93 páginas
490 _aInvestigación Criminal
650 _aCRIMINALÍSTICA
650 _aINVESTIGACIÓN CRIMINAL
650 _aESCENA DEL CRIMEN
650 _aRECONOCIMIENTO FOTOGRÁFICO
650 _aREGISTRO PERSONALES
650 _aINTERCEPTACIÓN DE LAS TELECOMUNICACIONES
650 _aDETENCIÓN
650 _aPROTECCIÓN DE TESTIGOS
650 _aTRASLADO DE DETENIDOS
942 _cBK
_2ddc
999 _c9286
_d9286